[Event "FRA-chT4 0506"]
[Site "Bretagne"]
[Date "2005.12.04"]
[Round "3"]
[White "Huard, Herve"]
[Black "Mener, Simon"]
[Result "1-0"]
[WhiteElo "1790"]
[BlackElo "1690"]
[PlyCount "99"]
[EventDate "2005.10.16"]
[EventType "team"]
[EventRounds "7"]
[EventCountry "FRA"]
[SourceTitle "EXT 2007"]
[Source "ChessBase"]
[SourceDate "2006.11.23"]
[SourceVersion "1"]
[SourceVersionDate "2006.11.23"]
[SourceQuality "1"]

1. e4 c5 2. Nf3 Nc6 3. d4 cxd4 4. Nxd4 e6 5. Nb5 Nf6 6. N1c3 a6 7. Nd6+ Bxd6 8. Qxd6 Qe7 9. e5 Qxd6 10. exd6 Nb4 11. Kd2 b5 12. a3 Nc6 13. Be2 Nd4 14. Bd3 Bb7 15. f3 0-0 16. Rd1 Ne8 17. Ne4 Rc8 18. b3 Bxe4 19. Bxe4 Nxd6 20. Bd3 Nb7 21. Bb2 e5 22. Bxd4 exd4 23. a4 Nc5 24. axb5 Nxd3 25. Kxd3 axb5 26. Rd2 Rc3+ 27. Kxd4 Rfc8 28. Ra5 Kf8 29. Rxb5 Rxc2 30. Kd3 R8c3+ 31. Ke2 Ke7 32. b4 Rxd2+ 33. Kxd2 Rc6 34. Rb8 Kd6 35. Rg8 g6 36. Rg7 Rc4 37. Rxf7 Rxb4 38. Kc3 Rh4 39. h3 Ke6 40. Rf8 Ke5 41. Kd3 d5 42. Ke3 d4+ 43. Kd3 Rf4 44. Re8+ Kf5 45. Re4 h5 46. Kxd4 h4 47. Ke3 g5 48. Rxf4+ gxf4+ 49. Kd4 Kf6 50. Ke4 1-0

[Event "FRA-chT3 0405"]
[Site "France"]
[Date "2004.10.10"]
[Round "1.4"]
[White "Coll, Henri"]
[Black "Mener, Simon"]
[Result "1/2-1/2"]
[WhiteElo "1670"]
[BlackElo "1790"]
[PlyCount "114"]
[EventDate "2004.10.10"]
[EventType "team"]
[EventRounds "9"]
[EventCountry "FRA"]
[SourceTitle "EXT 2007"]
[Source "ChessBase"]
[SourceDate "2006.11.23"]
[SourceVersion "1"]
[SourceVersionDate "2006.11.23"]
[SourceQuality "1"]

1. d4 d5 2. c4 c6 3. Nc3 Nf6 4. e3 Bf5 5. Nf3 Nbd7 6. Bd3 Bg4 7. h3 Bh5 8. Be2 e6 9. c5 b6 10. cxb6 axb6 11. a3 Bd6 12. 0-0 0-0 13. Nh2 Bg6 14. f4 Bb4 15. Ng4 Bxc3 16. bxc3 Ne4 17. Bb2 h5 18. Nh2 Ng3 19. Rf2 Nf6 20. Bf3 Be4 21. Nf1 Bxf3 22. Rxf3 Nxf1 23. Qxf1 Ne4 24. Qe1 g5 25. fxg5 Qxg5 26. Rc1 b5 27. Rc2 Qg6 28. Re2 Kh7 29. Qh4 Qg5 30. Qe1 f5 31. Rc2 Rg8 32. Bc1 Qg6 33. Re2 Rg7 34. Rc2 Nd6 35. g3 Ne4 36. Rg2 Ng5 37. Rf1 Nxh3+ 38. Kh2 Qg4 39. Qd1 Qxd1 40. Rxd1 Ng5 41. Rf1 Ne4 42. Bb2 Nd6 43. Rf4 Nc4 44. Bc1 Nxa3 45. Rh4 Kh6 46. e4+ Kg6 47. exf5+ exf5 48. Re2 Rf7 49. Re6+ Rf6 50. Rxf6+ Kxf6 51. Rxh5 Kg7 52. Rxf5 Nc4 53. Rg5+ Kf6 54. Rh5 Ra2+ 55. Kh3 Ke7 56. Bg5+ Kd7 57. g4 Ra3 1/2-1/2

[Event "FRA-chT4 0304"]
[Site "Bretagne"]
[Date "2003.10.12"]
[Round "1"]
[White "Mener, Simon"]
[Black "Hubert, Lucas"]
[Result "1-0"]
[WhiteElo "1710"]
[BlackElo "1690"]
[PlyCount "57"]
[EventDate "2003.10.12"]
[EventType "team"]
[EventRounds "9"]
[EventCountry "FRA"]
[SourceTitle "EXT 2005"]
[Source "ChessBase"]
[SourceDate "2004.11.15"]
[SourceVersion "1"]
[SourceVersionDate "2004.11.15"]
[SourceQuality "1"]

1. e4 d6 2. Nc3 Nf6 3. Bc4 c6 4. Bb3 e5 5. f4 Nbd7 6. Nf3 Be7 7. d3 a6 8. f5 b5 9. 0-0 Nc5 10. Qe1 Nxb3 11. axb3 Ng4 12. Qg3 h5 13. h3 Qb6+ 14. Kh1 Qd8 15. hxg4 hxg4+ 16. Nh2 Kd7 17. Be3 Rh5 18. f6 Ke8 19. fxe7 Qxe7 20. d4 Be6 21. d5 cxd5 22. Nxd5 Bxd5 23. exd5 f5 24. Rae1 Kd7 25. Bg1 Rf8 26. Qc3 f4 27. Rxf4 Kd8 28. Bb6+ Ke8 29. Qc8+ 1-0

[Event "Guingamp op 7th"]
[Site "Guingamp"]
[Date "2003.03.05"]
[Round "6"]
[White "Coent, Yann"]
[Black "Mener, Simon"]
[Result "1/2-1/2"]
[WhiteElo "1820"]
[BlackElo "1570"]
[PlyCount "38"]
[EventDate "2003.03.02"]
[EventType "swiss"]
[EventRounds "9"]
[EventCountry "FRA"]
[SourceTitle "EXT 2004"]
[Source "ChessBase"]
[SourceDate "2003.11.25"]
[SourceVersion "1"]
[SourceVersionDate "2003.11.25"]
[SourceQuality "1"]

1. e4 c5 2. Nf3 Nc6 3. d4 cxd4 4. Nxd4 e6 5. Be2 Nf6 6. Nc3 Bb4 7. Bg5 Qa5 8. Nxc6 Bxc3+ 9. bxc3 Qxg5 10. Nd4 Nxe4 11. Qd3 Qc5 12. 0-0 Nxc3 13. Bf3 Qc7 14. Rfe1 0-0 15. Re3 Nd5 16. Bxd5 exd5 17. Rae1 Qc4 18. Qa3 g6 19. c3 b6 1/2-1/2

[Event "Le Mans op"]
[Site "Le Mans "]
[Date "2001.12.30"]
[Round "4"]
[White "Mener, Simon"]
[Black "Cloud, Philippe"]
[Result "1/2-1/2"]
[WhiteElo "1850"]
[BlackElo "1720"]
[PlyCount "119"]
[EventDate "2001.12.26"]
[EventType "swiss"]
[EventRounds "9"]
[EventCountry "FRA"]
[SourceTitle "EXT 2008"]
[Source "ChessBase"]
[SourceDate "2007.11.25"]
[SourceVersion "1"]
[SourceVersionDate "2007.11.25"]
[SourceQuality "1"]

1. e4 d6 2. Bc4 Nf6 3. Nc3 g6 4. f4 e6 5. Nf3 Bg7 6. d3 0-0 7. Bd2 c5 8. Qe2 Nc6 9. 0-0-0 a6 10. a3 b5 11. Bb3 Bd7 12. e5 Ne8 13. Rdf1 d5 14. h4 f5 15. h5 b4 16. Na4 Na5 17. axb4 Nxb3+ 18. cxb3 cxb4 19. Nc5 Qc8 20. Bxb4 Rb8 21. Ba3 Rxb3 22. Qc2 Rb8 23. Nxd7 Qxd7 24. Kd2 Qb7 25. Bxf8 Bxf8 26. hxg6 Qb4+ 27. Kd1 h6 28. g3 Qxb2 29. Qxb2 Rxb2 30. Nd4 Nc7 31. Kc1 Rg2 32. Rh3 Kg7 33. Rfh1 Kxg6 34. R1h2 Rg1+ 35. Kb2 Kf7 36. Rh1 Rg2+ 37. Kb3 Nb5 38. Nxb5 axb5 39. Rc1 b4 40. Rc7+ Kg6 41. Rc6 Kf7 42. Rc2 Rg1 43. Rc7+ Kg6 44. Rc8 Kf7 45. Rb8 Rc1 46. Rxf8+ Kxf8 47. Rxh6 Kf7 48. Kxb4 d4 49. Rh7+ Kf8 50. Rd7 Ke8 51. Rxd4 Rg1 52. Rd6 Ke7 53. d4 Rxg3 54. d5 exd5 55. Rxd5 Rg6 56. Rd3 Rc6 57. Rc3 Rb6+ 58. Kc5 Rb1 59. Kd4 Rf1 60. Ke3 1/2-1/2